Odolnosť spriahnutých oceľobetónových stĺpov s plným oceľovým jadrom

Na minha lista:
Detalhes bibliográficos
Autor principal: Frólo, Juraj (Author)
Outros Autores: Gramblička, Štefan (Thesis advisor)
Formato: Manuscrito Livro
Idioma:eslovaco
Publicado em: 2016
Assuntos:
Acesso em linha:http://is.stuba.sk/zp/portal_zp.pl?podrobnosti=102497
Tags: Adicionar Tag
Sem tags, seja o primeiro a adicionar uma tag!

MARC

LEADER 00000ntm a22000003a 4500
001 stuzp35775
003 SK-STU
005 20160827210200.0
007 ta
008 150427s2015----xo-----f-mn---000-0-slo-d
040 |a STU  |b slo 
041 0 |a slo 
100 1 |a Frólo, Juraj  |u 010110  |k Z3  |4 aut  |U SvF Stavebná fakulta  |T SvF Katedra betónových konštrukcií a mostov  |X 39275  |U V110  |Y 11  |7 A000039275 
242 0 1 |a Resistance of the composite steel-concrete columns with the solid steel core  |y eng 
245 1 0 |a Odolnosť spriahnutých oceľobetónových stĺpov s plným oceľovým jadrom 
260 |c 2016 
650 4 |a Odolnosť  |2 slo 
650 4 |a Experimentálne skúšky  |2 slo 
650 4 |a Oceľové jadro  |2 slo 
650 4 |a Numerická analýza  |2 slo 
650 4 |a Reziduálne napätia  |2 slo 
650 4 |a Spriahnutý oceľobetónový stĺp  |2 slo 
650 4 |a Composite steel-concrete column  |2 eng 
650 4 |a Steel core  |2 eng 
650 4 |a Residual stress  |2 eng 
650 4 |a Resistance  |2 eng 
650 4 |a Experimental tests  |2 eng 
650 4 |a Numerical analysis  |2 eng 
700 1 |a Gramblička, Štefan  |u 010110  |k Z1  |4 ths  |U SvF Stavebná fakulta  |T SvF Katedra betónových konštrukcií a mostov  |X 938  |U V110  |Y 11  |7 A000000938 
856 4 |u http://is.stuba.sk/zp/portal_zp.pl?podrobnosti=102497 
996 |b 284V041378  |c V* 3342/DP-1272  |l VVS  |s P  |a 0  |w stuzp35775_0001